Essays on the scientific study of politics
Saved in:
| Main Authors: | , , , , |
|---|---|
| Format: | Bog |
| Sprog: | engelsk |
| Udgivet: |
Nueva York
Holt, Rinehart and Winston
1962
|
| Fag: | |
| Tags: |
Tilføj Tag
Ingen Tags, Vær først til at tagge denne postø!
|
MARC
| LEADER | 00000nam a2200000 a 4500 | ||
|---|---|---|---|
| 001 | UCZ5409 | ||
| 003 | CL-VaPUC | ||
| 008 | 951117e19620000US |||||||||||||||||eng|d | ||
| 082 | 0 | 4 | |a 320.092 |b BER |2 21 |
| 100 | 0 | |a Berns, Walter |e author |9 349374 | |
| 700 | 0 | |a Storing, Herbert J |e author |9 349375 | |
| 700 | 0 | |a Weinstein, Leo |e author |9 349376 | |
| 700 | 0 | |a Horwitz, Robert H |e author |9 349377 | |
| 700 | 0 | |a Strauss, Leo |e author |9 349378 | |
| 245 | 1 | 0 | |a Essays on the scientific study of politics |
| 300 | |a 333 p | ||
| 942 | |c BK | ||
| 945 | |d 19951117 00:00:00 |a lriquelm | ||
| 260 | |a Nueva York |b Holt, Rinehart and Winston |c 1962 | ||
| 650 | 0 | |a Ciencias Políticas |9 255201 | |
| 650 | 7 | |a FILOSOFIA POLITICA |2 CL-VaPUC |9 349379 | |
| 650 | 0 | |a Ciencias sociales |v Investigación |9 307767 | |
| 650 | 0 | |a Psicología aplicada |9 270762 | |
| 583 | |a last modification |c 19951117 00:00:00 |k Rodrigo Vera | ||
| 999 | |c 241727 |d 241725 | ||
| 952 | |0 0 |1 0 |4 0 |6 320_092000000000000_BER_1962 |7 0 |8 P |9 254162 |a BIBEDU |b BIBEDU |c BIBEDU_PB |d 2019-11-19 |i 157549K |o 320.092 BER 1962 |p 157549K |r 2024-01-25 |w 2019-11-19 |y BK |k FIL | ||
| 952 | |0 0 |1 0 |4 0 |6 320_092000000000000_BER_1962 |7 0 |8 A |9 254163 |a BIBDER |b BIBDER |d 2019-11-19 |i 1798642 |o 320.092 BER 1962 |p 1798642 |r 2023-01-25 |w 2019-11-19 |y BK |k DER | ||